[Event "Mistrzostwa Polski Nauczycieli"]
[Site "Krakow"]
[Date "2010.06.05"]
[Round "7.4"]
[White "Pacuszka, Tomasz"]
[Black "Kukula, Pawel"]
[Result "1/2-1/2"]
[BlackElo "2261"]
[BlackTitle "k+"]
[WhiteElo "2295"]
[WhiteTitle "FM"]

1. e4 c6 2. d4 d5 3. e5 Bf5 4. Nc3 e6 5. g4 Bg6 6. Nge2 h5 7. Nf4 Ne7 8. Nxg6
fxg6 9. Bg5 Kd7 10. Bd3 Qe8 11. f3 Kc7 12. Qe2 Nc8 13. O-O-O Be7 14. h4 Nd7 15.
Qe3 Nf8 16. Ne2 Bxg5 17. Qxg5 Qe7 18. Nf4 hxg4 19. fxg4 Qxg5 20. hxg5 Rxh1 21.
Rxh1 Ne7 22. Rh8 Kd7  1/2-1/2

[Event "Mistrzostwa Polski Nauczycieli"]
[Site "Krakow"]
[Date "2010.06.05"]
[Round "7.6"]
[White "Sadzikowski, Marian"]
[Black "Garbowska, Hanna"]
[Result "1/2-1/2"]
[BlackElo "2036"]
[BlackTitle "k"]
[WhiteElo "1911"]
[WhiteTitle "I"]

1. e4 c5 2. f4 d6 3. Bb5+ Bd7 4. Bxd7+ Nxd7 5. Nf3 g6 6. O-O Bg7 7. c3 Ngf6 8.
e5 Nd5 9. exd6 exd6 10. Re1+ Ne7 11. Qe2 Bf6 12. g4 h6 13. d4 Nb6 14. Nbd2 Qd7
15. h3 Rc8 16. dxc5 dxc5 17. Ne4 Qc6 18. Nxf6+ Qxf6 19. Be3 Nbd5 20. c4 Nxe3
21. Qxe3 Rc7 22. Qe5 Qxe5 23. Rxe5 O-O 24. Rae1 Nc8 25. Kf2 Kg7 26. Kg3 Rd8 27.
b3 b6 28. h4 Rcd7 29. h5 Rd3 30. hxg6 fxg6 31. Re8 Kf6 32. g5+ hxg5 33. fxg5+
Kg7 34. Kf4 R3d7 35. Rxd8 Rxd8 36. Re6 Rd1 37. Re8 Nd6 38. Rd8 Rd3 39. Rd7+ Kf8
40. Rxa7 Nf5 41. Rb7 Rd6 42. Ne5 Rd4+ 43. Kf3 Nh4+ 44. Kg3 Nf5+ 45. Kg2 Rd2+
46. Kf3 Nh4+ 47. Ke3 Rxa2 48. Nd7+ Ke7 49. Nxb6+ Ke6 50. Na4 Ng2+ 51. Ke4 Re2+
52. Kf3 Rc2 53. Nxc5+ Kf5 54. Ne4 Ne1+ 55. Ke3 Ng2+ 56. Kd4 Nf4 57. Rf7+ Kg4
58. Rf6 Rc1 59. b4 Rd1+  1/2-1/2

[Event "Mistrzostwa Polski Nauczycieli"]
[Site "Krakow"]
[Date "2010.06.05"]
[Round "7.7"]
[White "Ocwieja, Piotr"]
[Black "Ciba, Przemyslaw"]
[Result "0-1"]
[BlackElo "1942"]
[BlackTitle "II+"]
[WhiteElo "1668"]
[WhiteTitle "II"]

1. e4 c5 2. Nf3 Nc6 3. d4 cxd4 4. Nxd4 e5 5. Nb3 Nf6 6. Nc3 Bb4 7. Bd3 O-O 8.
O-O Bxc3 9. bxc3 d5 10. exd5 Nxd5 11. c4 Nf4 12. Bxf4 exf4 13. Qh5 g6 14. Qh6
Qf6 15. Nd2 Re8 16. Ne4 Rxe4 17. Bxe4 Ne5 18. h4 Nxc4 19. Qg5 Kg7 20. Qxf6+
Kxf6 21. Bd5 Nb6 22. c4 Be6 23. Bxb7 Rb8 24. Bd5 Nxd5 25. cxd5 Bxd5 26. Rfc1
Rb5 27. Rc2 Ra5 28. a3 h5 29. f3 a6 30. Rcc1 Ke5 31. Kf2 Ra4 32. Rc3 Kd4 33.
Rac1 Bc4 34. Ke1 Bb5 35. Kd2 f6 36. Re1 Kd5 37. Kc1 Ra5 38. Rd1+ Ke6 39. Kb2
Ba4 40. Rd4 g5 41. Rcc4 Bd7 42. Re4+ Kf5 43. Rb4 Bb5 44. Red4 Bf1 45. Rd2 Re5
46. Rbd4 Kg6 47. hxg5 Kxg5 48. Rf2 Bb5 49. Kc3 Kh4 50. Rb2 Kg3 51. a4 Bf1 52.
Rd1 Re3+ 53. Kb4 Re2 54. Rxe2 Bxe2 55. Rd2 Bf1 56. Ka5 h4 57. Rd6 Kxg2 58. Rxf6
Kxf3 59. Kb4 h3 60. Rh6 Kg2 61. Rg6+ Kf2 62. Rh6 Kg1 63. Rg6+ Bg2 64. Rxa6 h2
65. Rd6 h1=Q 66. Rd1+ Bf1  0-1

[Event "Mistrzostwa Polski Nauczycieli"]
[Site "Krakow"]
[Date "2010.06.05"]
[Round "7.8"]
[White "Czyrnek, Stanislaw"]
[Black "Beker, Cezary"]
[Result "1/2-1/2"]
[BlackElo "1849"]
[BlackTitle "II"]
[WhiteElo "1990"]
[WhiteTitle "I+"]

1. e4 c5 2. Nf3 Nc6 3. d4 cxd4 4. Nxd4 Nf6 5. Nc3 e5 6. Nf3 Bb4 7. Bd3 d5 8.
exd5 Qxd5 9. O-O Bxc3 10. bxc3 e4 11. c4 Qh5 12. Re1 Bf5 13. Ba3 O-O-O 14. Re3
exd3 15. cxd3 Bg4 16. Qa4 Bxf3 17. Rxf3 Qa5 18. Qxa5 Nxa5 19. Be7 Rd7 20. Bc5
b6 21. Bb4 Nc6 22. Bc3 Nd4 23. Bxd4 Rxd4 24. Kf1 Re8 25. Rc1 Re7 26. h3 Rc7 27.
Ke2 Re7+ 28. Kd2 Red7 29. Kc3 R4d6 30. Re1 Kc7 31. Re5 a6 32. a4 Kc6 33. Ref5
Re6 34. g4 Ree7 35. g5 Nh5 36. Re3 g6 37. Rff3 Rxe3 38. fxe3 b5 39. axb5+ axb5
40. d4 bxc4 41. Kxc4 Ra7 42. Kd3 Kd5 43. e4+ Ke6 44. Kc4 f6 45. h4 fxg5 46.
hxg5 Rf7 47. d5+ Ke7 48. Re3 Rf4 49. Kc5 Rg4 50. Kc6 Rg3 51. Rxg3 Nxg3 52. e5
Nf5 53. e6 Nd4+  1/2-1/2

[Event "Mistrzostwa Polski Nauczycieli"]
[Site "Krakow"]
[Date "2010.06.05"]
[Round "7.9"]
[White "Michalik, Marek"]
[Black "Ruggiero, Janusz"]
[Result "1-0"]
[BlackElo "1669"]
[BlackTitle "II"]
[WhiteElo "1824"]
[WhiteTitle "I"]

1. e4 e5 2. d4 exd4 3. Qxd4 Nc6 4. Qe3 d6 5. Bd2 Nf6 6. h3 g6 7. Nc3 Bg7 8. f4
O-O 9. O-O-O Re8 10. Qf3 Nd4 11. Qd3 Nxe4 12. Nxe4 Bf5 13. Bc3 Bxe4 14. Qd2 Nf5
15. Re1 Ng3 16. Rh2 Nxf1 17. Rxf1 Re6 18. h4 d5 19. Bxg7 Kxg7 20. g4 Rc6 21.
Qe3 Qd7 22. f5 Re8 23. f6+ Kh8 24. Qh6 Rg8 25. Nh3 g5 26. Nxg5 Qe8 27. Re1 Qf8
28. Qxf8 Rxf8 29. Nxe4 dxe4 30. g5 Re8 31. Rhe2 Rce6 32. Kd2 h6 33. Ke3 Kh7 34.
Kf4 Re5 35. Rxe4 Rxe4+ 36. Rxe4 Rxe4+ 37. Kxe4 hxg5 38. hxg5 Kg6 39. Kf4 c6 40.
c4 a6 41. b4 b6 42. a4 b5 43. axb5 axb5 44. c5 Kh7 45. Ke5 Kg8 46. g6  1-0

[Event "Mistrzostwa Polski Nauczycieli"]
[Site "Krakow"]
[Date "2010.06.05"]
[Round "7.11"]
[White "Nawrot, Zbigniew"]
[Black "Kozlowski, Cezary"]
[Result "1/2-1/2"]
[BlackElo "1637"]
[BlackTitle "II"]
[WhiteElo "1667"]
[WhiteTitle "II"]

1. e4 e6 2. d4 d5 3. Nd2 Nf6 4. e5 Nfd7 5. Ngf3 c5 6. c3 Nc6 7. Bb5 Qc7 8. O-O
Be7 9. Re1 a6 10. Ba4 f6 11. exf6 Nxf6 12. Ne5 b5 13. Bc2 O-O 14. Ndf3 cxd4 15.
Nxc6 Qxc6 16. Nxd4 Qb6 17. Be3 Qc7 18. g3 e5 19. Nf5 Bd6 20. Nxd6 Qxd6 21. b4
Qe6 22. Bc5 Rf7 23. f4 e4 24. a4 Bb7 25. axb5 axb5 26. Rxa8+ Bxa8 27. Qa1 Qc6
28. Qa5 Rd7 29. Bd4 Ne8 30. Bb3 Nd6 31. Qa1 Kh8 32. Re2 h6 33. Ra2 Bb7 34. Qe1
Nf5 35. Bc5 d4 36. h3 e3 37. Rh2 Qe4 38. cxd4 Nxd4 39. Bxd4 Qxd4 40. Re2 Re7
41. Kh2 Qe4 42. Qd1 Rd7 43. Qe1 Re7 44. Bc2  1/2-1/2

[Event "Mistrzostwa Polski Nauczycieli"]
[Site "Krakow"]
[Date "2010.06.05"]
[Round "8.1"]
[White "Slabek, Grzegorz"]
[Black "Sadzikowski, Daniel"]
[Result "0-1"]
[BlackElo "2258"]
[BlackTitle "k++"]
[WhiteElo "2037"]
[WhiteTitle "k"]

1. Nf3 d5 2. d4 Nf6 3. g3 e6 4. Bg2 Be7 5. O-O O-O 6. b3 c5 7. Bb2 Nc6 8. e3 b6
9. Nbd2 Ba6 10. c4 Rc8 11. Rc1 Nb4 12. Ne5 Nd7 13. Ndf3 Nxe5 14. Nxe5 cxd4 15.
a3 Na2 16. Rc2 dxc4 17. bxc4 Nc3 18. Qa1 Bf6 19. exd4 Na4 20. Rfc1 Nxb2 21.
Qxb2 Bxe5 22. dxe5 Rc5 23. f4 Qc7 24. Qd4 Rd8 25. Qe4 Rc8 26. h4 Rxc4 27. Rxc4
Bxc4 28. f5 exf5 29. Qxf5 Qc5+ 30. Kh2 Be6 31. Rxc5 Bxf5 32. Rd5 Kf8 33. Rd4
Ke7 34. g4 Be6 35. Be4 h6 36. Bd3 Rc5 37. g5 hxg5 38. hxg5 Rxe5 39. g6 f5 40.
Kg3 Kf6 41. Kf4 Ra5 42. a4 Kxg6 43. Rd6 Kf6 44. Bb5 g5+ 45. Ke3 Ke5 46. Rd8 f4+
47. Kf2 a6 48. Be8 g4 49. Rb8 g3+ 50. Kg2 Rc5 51. Bg6 Rd5 52. Rxb6 Rd2+ 53. Kg1
f3  0-1

[Event "Mistrzostwa Polski Nauczycieli"]
[Site "Krakow"]
[Date "2010.06.05"]
[Round "8.2"]
[White "Wlodarczyk, Oskar"]
[Black "Bielczyk, Jacek"]
[Result "1/2-1/2"]
[BlackElo "2301"]
[BlackTitle "IM"]
[WhiteElo "2328"]
[WhiteTitle "m"]

1. e4 c6 2. c4 e5 3. Nf3 d6 4. d4 Nd7 5. g3 Ngf6 6. Nc3 g6 7. dxe5 dxe5 8. Bg2
Qe7 9. O-O Bg7 10. Rb1 a5 11. a3 O-O 12. b4 axb4 13. axb4 Ne8 14. Qb3 Nc7 15.
b5 Ne6 16. Rd1 Nd4 17. Nxd4 exd4 18. Ne2 cxb5 19. Qxb5 Ne5 20. Nxd4 Rd8 21. Bf4
Bg4 22. Rd2 Rac8 23. Bxe5 Bxe5 24. Nf3 Rxd2 25. Nxd2 Rc7 26. Nf1 Bd4 27. e5
Qxe5 28. Qxe5 Bxe5 29. Ne3 Bc8 30. Nd5 Rxc4 31. Nb6 Rc5 32. Nxc8  1/2-1/2

[Event "Mistrzostwa Polski Nauczycieli"]
[Site "Krakow"]
[Date "2010.06.05"]
[Round "8.3"]
[White "Wiecek, Pawel"]
[Black "Kukula, Pawel"]
[Result "0-1"]
[BlackElo "2261"]
[BlackTitle "k+"]
[WhiteElo "2047"]
[WhiteTitle "I+"]

1. d4 Nf6 2. c4 Nc6 3. g3 e5 4. dxe5 Nxe5 5. Qc2 d5 6. Nd2 dxc4 7. Nxc4 Bb4+ 8.
Bd2 Bxd2+ 9. Nxd2 O-O 10. Bg2 Re8 11. Ne4 Bf5 12. Rd1 Qe7 13. Nxf6+ Qxf6 14.
Qc3 Nd3+ 15. Rxd3 Bxd3 16. Qxd3 Qxb2 17. Qd2 Qb1+ 18. Qd1 Qxa2 19. Qd2 Qb1+ 20.
Qd1 Qb6 21. Nf3 Rad8 22. Qc1 Qb4+ 23. Kf1 Rd6 24. Ne1 Rxe2 25. Kxe2 Qb5+ 26.
Ke3 Qe5+ 27. Be4 Qd4+ 28. Kf3 Rf6+ 29. Qf4 Rxf4+ 30. gxf4 g6 31. Nc2 Qc3+ 32.
Ne3 c6 33. Rd1 a5 34. Rd3 Qc5 35. Rd7 f5 36. Bb1 b5 37. Kg2 Qa3 38. Rd2 a4 39.
Nc2 Qb2 40. Rd1 a3 41. Nd4 c5 42. Nc6 a2 43. Rd8+ Kf7 44. Rd7+ Ke6  0-1

[Event "Mistrzostwa Polski Nauczycieli"]
[Site "Krakow"]
[Date "2010.06.05"]
[Round "8.4"]
[White "Pacuszka, Tomasz"]
[Black "Bujak, Jozef"]
[Result "1-0"]
[BlackElo "1926"]
[BlackTitle "I"]
[WhiteElo "2295"]
[WhiteTitle "FM"]

1. Nf3 Nf6 2. g3 g6 3. Bg2 Bg7 4. O-O O-O 5. c4 d5 6. d4 c6 7. Nc3 dxc4 8. a4
Nbd7 9. e4 a5 10. Qe2 Nb6 11. h3 h6 12. Rd1 Be6 13. Be3 Qc7 14. Rac1 Kh7 15.
Nd2 Rad8 16. f4 Nh5 17. Qf2 Nc8 18. g4 Nf6 19. f5 gxf5 20. gxf5 Bd7 21. Nxc4
Be8 22. Bf4 Nd6 23. e5 Nxc4 24. exf6 Nd6 25. fxg7 Rg8 26. f6 exf6 27. Nd5  1-0

[Event "Mistrzostwa Polski Nauczycieli"]
[Site "Krakow"]
[Date "2010.06.05"]
[Round "8.5"]
[White "Ciba, Przemyslaw"]
[Black "Remez, Serhiy"]
[Result "1/2-1/2"]
[BlackElo "2019"]
[BlackTitle "I"]
[WhiteElo "1942"]
[WhiteTitle "II+"]

1. Nf3 d5 2. d4 Nf6 3. e3 Bg4 4. Nbd2 Nbd7 5. Be2 e6 6. Ne5 Nxe5 7. dxe5 Bxe2 8.
Qxe2 Nd7 9. f4 Be7 10. c3 O-O 11. O-O c5 12. Rf3 f5 13. Rh3 Rf7 14. Nf3 Rb8 15.
Bd2 b5 16. Kh1 a5 17. Rg1 Nf8 18. g4 fxg4 19. Rxg4 g6 20. Be1 b4 21. cxb4 axb4
22. Qg2 Ra8 23. Rhg3 Rg7 24. h4 Rxa2 25. h5 Qe8 26. Rh3 Ra1 27. Kh2 b3 28. Bh4
Rc1 29. Bf6 Rc2 30. Nd2 Bxf6 31. exf6 Ra7 32. hxg6 hxg6 33. Rgh4 Rh7 34. f5
exf5 35. Qxd5+ Qf7 36. Rxh7 Nxh7 37. Qxf7+ Kxf7 38. Rxh7+ Kxf6 39. Rd7 Rxb2 40.
Kg3 Ke6 41. Rd8 Rxd2 42. Rxd2 c4 43. Rb2 g5 44. Kf3 Kd5 45. Ke2 Kc5 46. Kd1 Kb4
47. Kc1 c3 48. Rf2 f4 49. exf4 gxf4 50. Rxf4+ Kc5 51. Kd1 Kb5  1/2-1/2

[Event "Mistrzostwa Polski Nauczycieli"]
[Site "Krakow"]
[Date "2010.06.05"]
[Round "8.7"]
[White "Garbowska, Hanna"]
[Black "Czyrnek, Stanislaw"]
[Result "1-0"]
[BlackElo "1990"]
[BlackTitle "I+"]
[WhiteElo "2036"]
[WhiteTitle "k"]

1. e4 e5 2. Nf3 Nc6 3. Bc4 Be7 4. c3 Nf6 5. d3 O-O 6. O-O h6 7. Re1 d6 8. Nbd2
Bg4 9. Nf1 Qd7 10. Ne3 Be6 11. Bb5 a6 12. Ba4 b5 13. Bc2 Qe8 14. d4 Bc8 15. Nd5
Ra7 16. a4 Rb7 17. Bd3 Bg4 18. h3 Bxf3 19. Qxf3 exd4 20. Nxf6+ Bxf6 21. e5 Bxe5
22. Bxh6 dxc3 23. bxc3 Nd8 24. Qf5 g6 25. Qf3 Qe6 26. Bxf8 Kxf8 27. axb5 axb5
28. Ra8 Ke7 29. Rxd8 Ra7 30. Ra8 Rxa8 31. Qxa8 Bh2+ 32. Kf1 Be5 33. Bxb5 Qb3
34. Qc6 Kf6 35. Bc4 Qxc3 36. Qd5 c6 37. Qxf7+ Kg5 38. g3 Kh6 39. Qf8+ Bg7 40.
Qf4+ Kh7 41. Qh4+ Bh6 42. Re7+  1-0

[Event "Mistrzostwa Polski Nauczycieli"]
[Site "Krakow"]
[Date "2010.06.05"]
[Round "8.8"]
[White "Beker, Cezary"]
[Black "Ocwieja, Piotr"]
[Result "1-0"]
[BlackElo "1668"]
[BlackTitle "II"]
[WhiteElo "1849"]
[WhiteTitle "II"]

1. e4 e5 2. Nf3 Nc6 3. Bc4 Nf6 4. d4 exd4 5. Ng5 d5 6. exd5 Na5 7. Qxd4 Nxc4 8.
Qxc4 Qxd5 9. Qe2+ Be7 10. O-O h6 11. Nc3 Qd8 12. Nge4 O-O 13. Re1 Be6 14. Bf4
c6 15. Rad1 Qb6 16. Be5 Nxe4 17. Nxe4 Rad8 18. Rxd8 Rxd8 19. Qf3 Bd5 20. Qg3
Bf8 21. Bc7 Qxb2 22. Bxd8 Bxe4 23. h3 Qb4 24. c3 Qc4 25. Qf4 Qd5 26. Qxe4 Qxd8
27. Qe8 Qd6 28. Qc8 b5 29. Re8 a5 30. Qd8 Qc5 31. Qxa5 Kh7 32. Qb4 Qxb4 33.
cxb4 Bxb4 34. Rc8 Ba3 35. Rxc6 b4 36. Kf1 f6 37. Ke2 Kg6 38. Kd3 Kg5 39. g3 Kf5
40. Rb6 Ke5 41. Rb5+ Kd6 42. Rb7 g6 43. Rh7 h5 44. Rh6  1-0

[Event "Mistrzostwa Polski Nauczycieli"]
[Site "Krakow"]
[Date "2010.06.05"]
[Round "8.9"]
[White "Nawrot, Zbigniew"]
[Black "Michalik, Marek"]
[Result "0-1"]
[BlackElo "1824"]
[BlackTitle "I"]
[WhiteElo "1667"]
[WhiteTitle "II"]

1. e4 Nf6 2. e5 Nd5 3. d4 d6 4. c4 Nb6 5. exd6 exd6 6. Qe2+ Be7 7. Nc3 O-O 8.
Be3 d5 9. cxd5 Nxd5 10. Nxd5 Qxd5 11. Qc4 Qa5+ 12. Bd2 Qb6 13. Bc3 Bf6 14. Ne2
Re8 15. O-O-O c6 16. f4 Be6 17. Qa4 Qc7 18. d5 Bxc3 19. dxe6 b5 20. exf7+ Qxf7
21. Qb3 Qxb3 22. axb3 Bb4 23. h4 Na6 24. Rh3 Nc5 25. Rf3 Ne4 26. Nc3 Nc5 27.
Na2 a5 28. g4 Re4 29. Kc2 Rae8 30. Nxb4 axb4 31. Rd6 Rc8 32. g5 Ne6 33. Kd3
Rxf4 34. Rxf4 Nxf4+ 35. Ke4 Ng6 36. h5 Re8+ 37. Kd4 Ne5 38. Kc5 Kf7 39. Kxb4
Ke7 40. Rd1 Rf8 41. Re1 Kd6 42. Rd1+ Kc7 43. Re1 Rf5 44. g6 h6 45. Be2 Rxh5 46.
Bxh5 Nd3+ 47. Kc3 Nxe1 48. Kd2 Ng2 49. Bf3 Nf4 50. Be4 Kd6 51. Ke3 Nd5+ 52. Kf3
Ke5 53. Bc2 c5 54. Kg3 Kf6 55. Kf3 Ne7 56. Ke4 Ke6 57. Kf4 Kd5 58. Ke3 c4 59.
b4 Nc6 60. Be4+ Kd6 61. Bxc6 Kxc6  0-1

[Event "Mistrzostwa Polski Nauczycieli"]
[Site "Krakow"]
[Date "2010.06.05"]
[Round "8.12"]
[White "Kozlowski, Cezary"]
[Black "Kosiba, Marcin"]
[Result "1-0"]
[BlackElo "1905"]
[BlackTitle "II"]
[WhiteElo "1637"]
[WhiteTitle "II"]

1. e4 e5 2. f4 exf4 3. Nf3 Be7 4. Bc4 Bh4+ 5. Kf1 Nh6 6. d4 d6 7. Bxf4 Be7 8.
Nc3 Nd7 9. Qd2 Ng8 10. g3 Nb6 11. Bd3 Bh3+ 12. Kf2 h6 13. Ng1 Bg4 14. h4 Nf6
15. a4 a5 16. Kg2 h5 17. Rf1 O-O 18. Nf3 Bxf3+ 19. Rxf3 Qd7 20. b3 d5 21. e5
Ng4 22. Nd1 c5 23. Bb5 Qe6 24. Re1 Rfd8 25. Nf2 c4 26. Bg5 Bxg5 27. Qxg5 Nxf2
28. Rxf2 cxb3 29. Rf6 Qc8 30. Rxb6 Qxc2+ 31. Re2 Qd1 32. Qd2 Qa1 33. Re1 Qa3
34. Rb1 Rdc8 35. Bd3 Qxa4 36. R6xb3 g6 37. Bb5  1-0

[Event "Mistrzostwa Polski Nauczycieli"]
[Site "Krakow"]
[Date "2010.06.06"]
[Round "9.3"]
[White "Remez, Serhiy"]
[Black "Wlodarczyk, Oskar"]
[Result "1/2-1/2"]
[BlackElo "2328"]
[BlackTitle "m"]
[WhiteElo "2019"]
[WhiteTitle "I"]

1. d4 Nf6 2. Nf3 e6 3. e3 b6 4. Bd3 Bb7 5. Nbd2 c5 6. b3 Be7 7. Bb2 d6 8. c4
Nbd7 9. Qc2 Rc8 10. Rc1 O-O 11. Qb1 Rc7 12. O-O Qa8 13. Rfe1 a6 14. a3 Rfc8 15.
e4 cxd4 16. Nxd4 Bf8 17. b4 e5 18. Nf5 g6 19. Ne3 Bh6 20. Rcd1 a5 21. f3 axb4
22. axb4 Qa4 23. Ba1 Ra8 24. Bc2 Qa3 25. Ndf1  1/2-1/2

[Event "Mistrzostwa Polski Nauczycieli"]
[Site "Krakow"]
[Date "2010.06.06"]
[Round "9.4"]
[White "Kukula, Pawel"]
[Black "Garbowska, Hanna"]
[Result "1-0"]
[BlackElo "2036"]
[BlackTitle "k"]
[WhiteElo "2261"]
[WhiteTitle "k+"]

1. d4 d5 2. Nf3 e6 3. e3 Nf6 4. Bd3 Be7 5. O-O O-O 6. b3 Nbd7 7. Nbd2 c5 8. Bb2
b6 9. Ne5 Bb7 10. Qf3 Rc8 11. Qh3 Ne4 12. f3 Ng5 13. Qg3 f6 14. Nxd7 Qxd7 15.
Rad1 Qc7 16. f4 Ne4 17. Nxe4 dxe4 18. Bc4 Bd5 19. Bxd5 exd5 20. dxc5 Qxc5 21.
Rf2 Qa5 22. a3 Qc5 23. Rfd2 Rfd8 24. h3 Kf8 25. Kh2 a6 26. Qg4 Bd6 27. Rxd5
Bxf4+ 28. exf4 Rxd5 29. Rxd5 Qxc2 30. Bxf6 gxf6 31. Rd7  1-0

[Event "Mistrzostwa Polski Nauczycieli"]
[Site "Krakow"]
[Date "2010.06.06"]
[Round "9.5"]
[White "Szymczak, Rafal"]
[Black "Wiecek, Pawel"]
[Result "1-0"]
[BlackElo "2047"]
[BlackTitle "I+"]
[WhiteElo "2064"]
[WhiteTitle "I++"]

1. f4 d5 2. g3 Nf6 3. Nf3 Nc6 4. Bg2 Bg4 5. O-O Bxf3 6. Bxf3 e5 7. fxe5 Nxe5 8.
Bg2 c6 9. d4 Ng6 10. Qd3 Qc7 11. Nc3 O-O-O 12. e4 dxe4 13. Nxe4 Nxe4 14. Qxe4
f6 15. Be3 Bd6 16. Rae1 Kb8 17. c4 Bb4 18. Rd1 Rhe8 19. Qf3 h5 20. a3 Qe7 21.
Bf2 Ba5 22. Qxh5  1-0

[Event "Mistrzostwa Polski Nauczycieli"]
[Site "Krakow"]
[Date "2010.06.06"]
[Round "9.6"]
[White "Bujak, Jozef"]
[Black "Slabek, Grzegorz"]
[Result "0-1"]
[BlackElo "2037"]
[BlackTitle "k"]
[WhiteElo "1926"]
[WhiteTitle "I"]

1. d4 d5 2. c4 c6 3. Nc3 e6 4. cxd5 cxd5 5. Nf3 Nf6 6. Bf4 a6 7. e3 Nc6 8. Bd3
Be7 9. Rc1 O-O 10. O-O b5 11. Ne5 Na5 12. Bb1 Bb7 13. b3 Ba3 14. Rc2 Qe7 15.
Bg5 Qd8 16. Bxf6 gxf6 17. Nd3 Bd6 18. Qh5 f5 19. f4 f6 20. Rf3 Rf7 21. Rg3+ Rg7
22. Rxg7+ Kxg7 23. Rf2 Qe8 24. Qh3 Rc8 25. Ne2 Nc6 26. g4 fxg4 27. Qxg4+ Qg6
28. Rg2 Qxg4 29. Rxg4+ Kh8 30. Kf2 Nd8 31. Rg1 Ba3 32. Rg3 a5 33. Ne1 Bd6 34.
Nf3 b4 35. Bd3 Bc6 36. Rg1 a4 37. Rb1 axb3 38. Rxb3 Ra8 39. Nc1 Nb7 40. Rb2 Na5
41. Re2 Nc4 42. Re1 Ra3 43. Rg1 Ba4 44. Re1 Nb2 45. Be2 Bc2 46. Nd2 e5 47. fxe5
fxe5 48. h4 exd4 49. Ndb3 Be7 50. Rh1 d3 51. Bf3 Bxb3 52. Nxb3 Rxa2 53. Bxd5
Na4+ 54. Kf3 Nc3 55. Bc4 d2 56. Nxd2 Rxd2 57. Rg1 Rd8 58. h5 Rf8+ 59. Kg4 Ne4
60. Rb1 Nd2  0-1

[Event "Mistrzostwa Polski Nauczycieli"]
[Site "Krakow"]
[Date "2010.06.06"]
[Round "9.8"]
[White "Kosiba, Marcin"]
[Black "Michalik, Marek"]
[Result "1-0"]
[BlackElo "1824"]
[BlackTitle "I"]
[WhiteElo "1905"]
[WhiteTitle "II"]

1. e4 Nf6 2. Nc3 d5 3. e5 Nfd7 4. d4 e6 5. f4 c5 6. Nf3 Nc6 7. Ne2 b6 8. Be3 Ba6
9. c3 cxd4 10. Nexd4 Bxf1 11. Rxf1 Nxd4 12. Bxd4 Be7 13. Qd3 O-O 14. O-O-O a6
15. g4 b5 16. f5 b4 17. cxb4 Re8 18. Rh1 Rb8 19. a3 a5 20. b5 Nc5 21. Bxc5 Bxc5
22. a4 d4 23. h4 Qd5 24. Kb1 Rbc8 25. h5 Bb4 26. Nd2 Qxe5 27. Nc4 Qf4 28. Qxd4
Rxc4 29. Qxf4 Rxf4 30. fxe6 fxe6 31. g5 Be7 32. g6 h6 33. Rd7 Rxa4 34. b6 Rb4
35. b7 Bf6 36. Rh2 Rb8 37. Rc2 Rf8 38. Rc8 Rxb2+ 39. Kc1 Rb6 40. Rdc7 Be5 41.
Rf7 Bd6 42. Rfxf8+ Bxf8 43. b8=Q Rxb8 44. Rxb8 a4 45. Ra8 a3 46. Kd2 a2 47. Kd3
e5 48. Ke4  1-0

[Event "Mistrzostwa Polski Nauczycieli"]
[Site "Krakow"]
[Date "2010.06.06"]
[Round "9.9"]
[White "Czyrnek, Stanislaw"]
[Black "Kozlowski, Cezary"]
[Result "1-0"]
[BlackElo "1637"]
[BlackTitle "II"]
[WhiteElo "1990"]
[WhiteTitle "I+"]

1. e4 e6 2. d4 d5 3. exd5 exd5 4. Bd3 Bd6 5. h3 h6 6. Nf3 Nf6 7. O-O O-O 8. Nc3
Re8 9. Nb5 a6 10. Nxd6 Qxd6 11. Be3 Nc6 12. a3 Be6 13. Qd2 Ne4 14. Qc1 Qf8 15.
b3  1-0

[Event "Mistrzostwa Polski Nauczycieli"]
[Site "Krakow"]
[Date "2010.06.06"]
[Round "9.11"]
[White "Ocwieja, Piotr"]
[Black "Nawrot, Zbigniew"]
[Result "1-0"]
[BlackElo "1667"]
[BlackTitle "II"]
[WhiteElo "1668"]
[WhiteTitle "II"]

1. e4 c5 2. b4 cxb4 3. a3 e5 4. axb4 Bxb4 5. c3 Be7 6. Bc4 Nf6 7. Nf3 Nc6 8. Qb3
O-O 9. Ng5 Qe8 10. O-O Nd8 11. d4 d6 12. f4 exd4 13. cxd4 h6 14. e5 hxg5 15.
exf6 Bxf6 16. Kh1 Bxd4 17. Ra5 gxf4 18. Bxf4 Qe7 19. Bg5 Qe4 20. Bxd8 Be6 21.
Bg5 Bxc4 22. Qxc4 Rac8 23. Qb3 Rc2 24. Qh3 Rf2 25. Rf5 Qe2 26. R5xf2 Bxf2 27.
g3 Bc5 28. Qf5 g6 29. Nc3 Qxh2+ 30. Kxh2 gxf5 31. Rxf5 ( 31. Nd5 ) 31... Kg7
32. Ne4 b6 33. Bf6+ Kh6 34. Bg5+ Kg6 35. Rf6+ Kh7 36. Rh6+ Kg7 37. Nf6 a5 38.
Nh5+ Kg8 39. Bf6  1-0